| 000 | 00493nam a2200169Ia 4500 | ||
|---|---|---|---|
| 999 |
_c18727 _d18727 |
||
| 082 | _aTA.0269 | ||
| 100 | _aAsha Rani, S. | ||
| 245 | 0 | _aPsychological adjustment to chronic diseades and barriers to self-care: a study on Diabetes Mellitus | |
| 260 |
_c2003 _bAndhra University, Visakhapatnam |
||
| 300 | _a115 | ||
| 504 | _aIncludes appendix and bibliography | ||
| 650 | _aChronic disease | ||
| 650 | _aDiabetes | ||
| 650 | _aSelf-care, Health | ||
| 710 | _aMadhu, K. | ||
| 942 |
_cTH _2ddc |
||